| 000 | 00966cam a2200361 4500500 | ||
|---|---|---|---|
| 005 | 20260329004257.0 | ||
| 041 | _afre | ||
| 042 | _adc | ||
| 100 | 1 | 0 |
_aEltchaninoff, Michel _eauthor |
| 245 | 0 | 0 | _aQuand l’Europe se réveillera |
| 260 | _c2019. | ||
| 500 | _a45 | ||
| 690 | _aChine | ||
| 690 | _aConstruction | ||
| 690 | _aCulture | ||
| 690 | _aDémocratie | ||
| 690 | _aDespotisme | ||
| 690 | _aDroits de l’homme | ||
| 690 | _aEnvironnement | ||
| 690 | _aEurope | ||
| 690 | _aIdentité | ||
| 690 | _aIvan Krastev | ||
| 690 | _aLiberté | ||
| 690 | _aMichel Eltchaninoff | ||
| 690 | _aPascal Bruckner | ||
| 690 | _aReligion | ||
| 690 | _aRobert Menasse | ||
| 690 | _aRussie | ||
| 690 | _aValeurs | ||
| 690 | _aVirginie Maris | ||
| 786 | 0 | _nPhilosophie magazine | 129 | 5 | 2019-05-01 | p. 26-27 | 1951-1787 | |
| 856 | 4 | 1 | _uhttps://shs.cairn.info/magazine-philosophie-magazine-2019-5-page-26?lang=fr&redirect-ssocas=7080 |
| 999 |
_c1832397 _d1832397 |
||